000 00283nam a2200121 a 4500
008 100921s1963|||| d
245 1 0 _aTancovala jedno leto
100 1 _aEkström, Per Olof
260 _bSmena
_aBratislava
_c1963
020 _c15
044 _axo
_cSK
041 _aslo
999 _c10546
_d10546